000 00514nam a22001697a 4500
999 _c191834
_d191834
005 20220905152239.0
010 _aENG-134898
020 _c175.00
_a978-93-5287-668-6
035 _aEN-118430
037 _bDBAD/PUB
082 _a883.08
245 _aMindscape: An Antholgy of prose, poetry and short stories/
260 _c2019
_bOrient Blackswan Private Ltd.
_aHyderabad
270 _a3-6-752, Himayatnagar
_bHyderabad
_e500013
300 _a194p
_c22cm(pb)
942 _2ddc
_cEN
_h883.08
_mMIN